000 00657cam a2200241ua 4500
005 20201205140811.0
008 190730n ii |||gr||||Z||||||asm
020 _a9789387956773
040 _cMAIN
_aIN-DiNC
041 _dasm
082 _a320.5
_bDAS
100 _aDas, Deepan,
_eauthor
245 _aRajnaitik tattwar parichay /
_cBy Deepan Das and Durllav Borah
250 _a1st ed.
260 _aDibrugarh:
_bBanalata,
_c2019.
300 _a391p.
650 _aPolitical science
650 _aPolitical theory
653 _aPolitical science
653 _aUnderstanding political theory
700 _a Bora, Durllav
_eauthor
942 _cBK
_2ddc
999 _c9914
_d9914